African Geography By Letter P - Picture Quiz - Statistics

General Stats
  • This quiz has been taken 274 times
  • The average score is 8 of 18
Answer Stats
Picture Hint Answer % Correct
(animal variant) Panther
91%
(animal) Penguin
77%
(animal) Python
76%
(language) Portuguese
71%
(island - orange) Principe
71%
(animal) Porcupine
67%
(animal) Peafowl
66%
(capital city) Pretoria
64%
(currency) Pound
55%
(capital) Praia
51%
(animal) Pangolin
46%
(people) Pygmy
45%
(city) Port Elizabeth
20%
(currency) Pula
15%
{Prince} {Edward} Island
14%
(city) Port Said
12%
(ethnic group) Pedi
2%
{Plateau} State
1%
No matching quizzes found
Score Distribution
Percent of People with Each Score
Percentile by Number Answered
Your Score History
You have not taken this quiz